| 000 | 00848nam a22002897a 4500 | ||
|---|---|---|---|
| 001 | 5318 | ||
| 003 | FISKH | ||
| 005 | 20241204152730.0 | ||
| 008 | 241126b cb ||||| |||| 00| 0 eng d | ||
| 020 | _a9780545552929 | ||
| 040 |
_aFISKH _beng _cFISKH _dFISKH |
||
| 050 | _aPZ7.Y817 | ||
| 082 | _a813.6 | ||
| 100 |
_aYoon, Salina _d(1972-) |
||
| 245 |
_aPenguin and Pinecone a friendship story / _cSalina Yoon |
||
| 250 | _aFirst printing in 2013 | ||
| 260 |
_aNew York : _bScholastic, _c2013. |
||
| 300 |
_a34 pages : _bcolor illustrations ; _c21 cm |
||
| 505 | _aJ | ||
| 520 | _aPenguin and Pinecone form an unlikely friendship, even when they must live far apart. | ||
| 521 | 8 |
_a470L
_bLexile |
|
| 521 | 8 |
_aJ
_bRaz-Plus |
|
| 650 |
_2Board book _aFriendship |
||
| 650 |
_2Fiction _aPenguin |
||
| 942 |
_2ddc _cBK _n0 |
||
| 999 |
_c5318 _d5318 |
||